Lógica General
| Main Author: | |
|---|---|
| Format: | Section = Libro |
| Language: | Undetermined Spanish |
| Published: |
México
Gestión 2000
1965
|
| Subjects: |
| LEADER | 00621nam a2200265Ia 4500 | ||
|---|---|---|---|
| 008 | 240830s9999 xx 000 0 und d | ||
| 040 | |a B-ESTELÍ- RUACS / 160 G675 | ||
| 041 | |a spa | ||
| 082 | |a 160 G675 | ||
| 100 | 1 | |a Gortari, Eli De | |
| 245 | 1 | 0 | |a Lógica General |
| 260 | |a México |b Gestión 2000 |c 1965 | ||
| 300 | |a 307 p:il | ||
| 650 | 7 | |a FUNCIONES | |
| 650 | 7 | |b LEYES | |
| 650 | 7 | |c CONCEPTOS | |
| 650 | 7 | |d CATEGORIAS | |
| 650 | 7 | |e JUICIOS | |
| 650 | 7 | |f CANONICA | |
| 650 | 7 | |g DEDUCCION | |
| 650 | 7 | |h TRANSDUCCION | |
| 650 | 7 | |i INVESTIGACIÓN . | |
| 942 | |c BK |2 ddc | ||
| 991 | |a TEXTO | ||
| 999 | |c 10625 | ||